000 00562nam a2200181Ia 4500
008 090123s9999 xx 000 0 und d
082 _b774
_a891.463/कवठेकर
100 _aकवठेकर द.र.
245 _aआभाळाची सावली
250 _a2
260 _bकुलकर्णी पं.अ.
300 _a396
600 _aकवठेकर द.र.
630 _aआभाळाची सावली
700 _aकवठेकर द.र.
730 _aआभाळाची सावली
942 _cBOOK
999 _c38861
_d38861